1128 1565 1115 1220 1064 1720 1059 1077 1998 1107 1607 1134 1082 1221 1274 1723 1761 1167 1241 1197 1619 1337 1237 1260 1945 1986 1625 1616 1810 1103 1234 1487 1113 1872 1041 1660 1986 1339 1412 1458 1967 1909 1562 1299 1362 1456 1229 1591 1598 1697 1530 1301 1354 1739 1240 1123 1640 1799 1557 1574 1501 1515 1975 1071 1567 1212 1125 1613 1154 1246 1549 1601 1402 1390 1497 1878 1995 1728 1497 1542 1568 1160 1268 1173 1125 1818 1790 1862 1819 1150 1215 1313 1419 1178 1841 1980 1475 1101 1913 BCNSPRNW ULIB Ver.6.0+V

เปลี่ยนเป็นภาษาไทย

Change to English
 แสดงรายละเอียดบรรณานุกรม
  กลับหน้าหลัก

Brief Record : Get Marc (ISO 2709) : E-mail record : QR code < ปิดหน้าต่าง
LEADER : 00000nam 2200000uu 4500
001    13399124795
003     ULIB
008    160324s2015||||th 000 0 eng d
020    ^a9781284048353 (pbk.)
060 04 ^aWY86^bM423n 2015
100 1  ^aMasters, Kathleen
245 10 ^aNursing theories :^ba framework for professional practic /^cKathleen Masters
250    ^a2nd ed.
260    ^aBurlington, Massachusetts :^bJones & Bartlett Learning, ^c[2015]
300    ^axviii, 406 pages ;^c23 cm.
500    ^aIncludes index
504    ^aIncludes bibliographical references and index
650  0 ^aNursing models
650  0 ^aNursing^xPhilosophy
650  2 ^aNursing Theory
650  2 ^aModels, Nursing
945    ^p3780^l0^i000344
999    ^aเกษร โพธิ์สุวรรณ
รายการนี้ยังไม่มีแท็ก
คุณยังไม่ได้ล็อกอิน คุณสามารถมีกิจกรรมร่วมกับเว็บไซต์ได้ แต่ต้องล็อกอินก่อน ::
  ล็อกอิน

รายการสื่อสารสนเทศ

ลำดับที่ ประเภท เลขเรียก/บาร์โค้ด สถานที่ สถานะ
1. Book การพยาบาล
Book การพยาบาล
WY86 M423n 2015 ฉ.1 
  Barcode: 000344
ห้องสมุดวิทยาเขตสวรรค์ประชารักษ์
►หนังสือทั่วไป
บนชั้น

รายการใกล้เคียง
    หัวเรื่อง [Nursing Theory]
    หัวเรื่อง [Models, Nursing]

BibComment


ยังไม่เคยถูกคอมเมนท์

คอมเมนท์ทรัพยากรรายการนี้
  คอมเมนท์: Nursing theories..


 Copyright 2026. Bcnsprnw @Library